Védjegyoltalom. Tisztességtelen verseny [könyvismertetés] /

Elmentve itt :
Bibliográfiai részletek
Szerzők: Meszlény Artur
Beck Salamon
További közreműködők: Bányász Jenő
Dokumentumtípus: Cikk
Megjelent: 1928
Sorozat:Polgári jog : a hazai és külföldi magánjog és hiteljog szemléje 4 No. 7
Kulcsszavak:Versenyjog tisztességtelen verseny, Versenyjog védjegy, Jogtudomány szakirodalom könyvismertetés
Online Access:http://misc.bibl.u-szeged.hu/4864
LEADER 00792nab a2200193 i 4500
001 misc4864
005 20191106142855.0
008 170607s1928 hu o 0|| hun d
040 |a SZTE Miscellanea Repozitórium  |b hun 
041 |a hun 
100 1 |a Meszlény Artur 
245 1 0 |a Védjegyoltalom. Tisztességtelen verseny   |h [elektronikus dokumentum] :  |b [könyvismertetés] /  |c  Meszlény Artur 
260 |c 1928 
300 |a 153-155a 
490 0 |a Polgári jog : a hazai és külföldi magánjog és hiteljog szemléje  |v 4 No. 7 
695 |a Versenyjog tisztességtelen verseny, Versenyjog védjegy, Jogtudomány szakirodalom könyvismertetés 
700 0 1 |a Bányász Jenő 
700 0 1 |a Beck Salamon  |e aut 
856 4 0 |u http://misc.bibl.u-szeged.hu/4864/1/polgari_jog_1928_153-155a.pdf  |z Dokumentum-elérés